Kolotoč melodií 1. Harmonika s kytarou. (Lehtinen, Rauno, Well, Kurt, Šlitr, Jiří...).

Uložené v:
Podrobná bibliografia
Médium: Hudobnina
Jazyk:Czech
Vydané: Praha : Státní hudební vydavatelství, 1966.
Fyzický popis: 1 partitura (35 strán).
Tagy: Pridať tag
Žiadne tagy, Buďte prvý kto otaguje tento záznam!

MARC

LEADER 00000ncm a2200000#i#4500
001 000720708
005 20241023182938.0
008 241023s1966 xr e 000 0 cze d
020 |q (brožované)  |c Kčs 15,00 
040 |a SVKK  |b slo  |c SVKK  |e rda 
245 0 0 |a Kolotoč melodií 1. Harmonika s kytarou. (Lehtinen, Rauno, Well, Kurt, Šlitr, Jiří...). 
264 1 |a Praha :  |b Státní hudební vydavatelství,  |c 1966. 
300 |a 1 partitura (35 strán). 
336 |a zápis hudby  |b ntm  |2 rdacontent 
337 |a bez média  |b n  |2 rdamedia 
338 |a zväzok  |b nc  |2 rdacarrier 
500 |a Záznam revízie 
910 |a svkkk 
998 |a MU 
090 |g SCKHL  |k Sklad Pribinova 3. posch.  |a V.62104  |j 383089  |i 2721120214  |s Povinný výt.